| 000 | 00000nam##2200000za#4500 |
| 001 | 9.627469 |
| 003 | CaOODSP |
| 005 | 20210615105154 |
| 007 | ta |
| 008 | 150406|2007||||xxc||||| f|0| 0 fre|d |
| 020 | |a978-0-660-97252-7 |
| 040 | |aCaOODSP|bfre |
| 043 | |an-cn--- |
| 086 | 1 |aSC102-1/14-1-2007F |
| 110 | 2 |aÉcole de la fonction publique du Canada. |
| 245 | 10|aSession préparatoire 1 |
| 246 | 3 |aNiveau C - session préparatoire 1 |
| 260 | |bÉcole de la fonction publique du Canada |c2007. |
| 300 | |a263p. : |bill. ; |c28 cm. + |e1 audio CD. |
| 490 | 1 |aProgramme de français langue seconde - Niveau C |
| 563 | |aReliure à spirale |
| 590 | |a07-27|b2007-07-06 |
| 691 | 07|aFrançais langue seconde|2gcpds |
| 776 | 0#|tSession préparatoire 1 |w(CaOODSP)9.594737 |
| 830 | #0|aProgramme de français langue seconde - Niveau C.|w(CaOODSP)9.513534 |